Loading...
| Fine Arts - Auditory | 0 | 4 | 2 | 1 | 30 | 83 | 106.50 | 1 | 4 | 0.00 | 0.00 |
| Fine Arts - Other | 0 | 2 | 0 | 0 | 20 | 118 | 129.00 | 1 | 2 | 0.00 | 0.00 |
| History - World | 0 | 2 | 0 | 2 | 20 | 131 | 135.50 | 1 | 2 | 0.00 | 0.00 |
| Literature - World | 0 | 1 | 0 | 1 | 10 | 169 | 169.00 | 0 | 1 | 0.00 | 0.00 |
| Mythology | 0 | 1 | 0 | 1 | 10 | 147 | 147.00 | 0 | 1 | 0.00 | 0.00 |
| Literature - American | 0 | 1 | 1 | 0 | 5 | 158 | 158.00 | 0 | 1 | 0.00 | 0.00 |
| Literature - European | 0 | 1 | 1 | 0 | 5 | 145 | 145.00 | 0 | 1 | 0.00 | 0.00 |
| History - Ancient/Other | 0 | 1 | 2 | 1 | 0 | 153 | 153.00 | 0 | 1 | 0.00 | 0.00 |
| Fine Arts - Visual | 0 | 0 | 1 | 0 | -5 | 0.00 | 0 | 0 | 0.00 | 0.00 |